La libertad de prensa

Gardado en:
Detalles Bibliográficos
Autor Principal: Bourquin, Jacques
Formato: Libro
Idioma:Lingua castelá
Publicado: Buenos Aires, Argentina Claridad 1952
Series:Biblioteca Jurídica. 35
Subjects:
Tags: Engadir etiqueta
Sen Etiquetas, Sexa o primeiro en etiquetar este rexistro!

MARC

LEADER 00000nam a2200000 a 4500
001 UCZ1877
003 CL-VaPUC
005 20240821130033.0
008 950914e19520000AG |||||||||||||||||spa|d
999 |c 238557  |d 238555 
040 |c Pontificia Universidad Católica de Valparaíso 
082 0 4 |a 323.445 BOU 1952  |2 21 
100 0 |a Bourquin, Jacques  |9 345570 
245 1 3 |a La libertad de prensa 
260 0 3 |a Buenos Aires, Argentina  |b Claridad  |c 1952 
300 |a 319 páginas 
490 0 |a Biblioteca Jurídica.  |v 35 
583 |a last modification  |c 20171031 11:00:09  |k Rodrigo Vera 
650 0 |a Libertad de prensa  |9 255610 
650 0 |a Historia  |9 255047 
650 7 |a DERECHO A LA LIBERTAD DE EXPRESION  |2 CL-VaPUC  |9 345571 
650 0 |a Libertad de información  |9 257205 
942 |c BK  |2 ddc 
945 |d 19950914 00:00:00  |a rbrito 
952 |0 0  |1 0  |2 ddc  |4 0  |6 323_445000000000000_BOU_1952  |7 0  |8 P  |9 248809  |a BIBDER  |b BIBDER  |d 2019-11-18  |i 1955500  |o 323.445 BOU 1952  |p 1955500  |r 2023-01-25  |t 1  |w 2019-11-18  |y BK  |k DER